Riadenie v rodinnom podniku diplomová práca

Saved in:
Bibliographic Details
Main Author: Kubalová, Natália
Corporate Author: Obchodná fakulta EU. Katedra cestovného ruchu
Other Authors: Naďová Krošláková, Monika, 1975-
Format: Book
Language:Slovak
Published: Bratislava 2025
Tags: Add Tag
No Tags, Be the first to tag this record!

MARC

LEADER 00000nbm a2200000 4500
001 0310339
005 20251118113538.2
041 0 |a slo 
044 |a SK 
245 1 0 |a Riadenie v rodinnom podniku  |b diplomová práca  |c Natália Kubalová ; školiteľ: Monika Naďová Krošláková 
264 1 |a Bratislava  |c 2025 
300 |a 78 s. 
100 1 |a Kubalová, Natália 
700 1 |a Naďová Krošláková, Monika, 1975- 
710 2 |a Obchodná fakulta EU. Katedra cestovného ruchu